| Tag |
First Indicator |
Second Indicator |
Subfields |
| LEADER |
00000cam a2200000Ia 4500 |
| 001 |
in00002111920 |
| 005 |
20151103055045.0 |
| 008 |
060322s2006 inua 001 0 eng |
| 020 |
|
|
|a 0672328321 (pbk.)
|
| 035 |
|
|
|a (OCoLC)ocm65182283
|
| 040 |
|
|
|a NMP
|c NMP
|d BAKER
|d CIN
|d TXA
|d UtOrBLW
|
| 049 |
|
|
|a TXAM
|
| 050 |
|
4 |
|a TK5105.75
|b .L39 2006
|
| 100 |
1 |
|
|a Lazich, Eli.
|
| 245 |
1 |
0 |
|a Create your own home networks /
|c Eli Lazich.
|
| 264 |
|
1 |
|a Indianapolis, Ind. :
|b Sams Publishing,
|c [2006]
|
| 264 |
|
4 |
|c ©2006
|
| 300 |
|
|
|a viii, 111 pages :
|b color illustrations ;
|c 24 cm.
|
| 336 |
|
|
|a text
|b txt
|2 rdacontent
|
| 337 |
|
|
|a unmediated
|b n
|2 rdamedia
|
| 338 |
|
|
|a volume
|b nc
|2 rdacarrier
|
| 500 |
|
|
|a Includes index.
|
| 650 |
|
0 |
|a Home computer networks.
|
| 938 |
|
|
|a Baker & Taylor
|b BKTY
|c 19.99
|d 14.99
|i 0672328321
|n 0006471468
|s active
|
| 948 |
|
|
|a cataloged
|b h
|c 2006/3/29
|d c
|e ceaton
|f 8:37:23 am
|
| 994 |
|
|
|a C0
|b TXA
|
| 999 |
|
|
|a MARS
|
| 999 |
f |
f |
|s aca29498-bb0f-3d11-b9c4-f7d40a093e08
|i 2df7d796-fa7a-345d-807d-a2c1d1fc30e1
|t 0
|
| 952 |
f |
f |
|p ric
|a Texas A&M University
|b Rellis Campus
|c Joint Library Facility
|d Remote Storage
|t 0
|e TK5105.75 .L39 2006
|h Library of Congress classification
|i unmediated -- volume
|m A14832747708
|
| 998 |
f |
f |
|a TK5105.75 .L39 2006
|t 0
|l Remote Storage
|